=LDR 00000nam 2200000 4500 =001 INLIS000000000001486 =005 20130612085903 =008 ***********************************Ind** =035 ##$$0010-061300000001486 =041 ##$$a Ind =082 ##$$a 2x2.29 =090 ##$$a 2x2.29, Suy-e =100 ##$$a AS-SUYUTI, Imam Jalaluddin =245 ##$$a 400 Hadis keutamaan amal beserta penjelasannya, Imam Jalauddin As-Syuyuti; Alih Bahasa, Moh. Wahyudi =260 ##$$a 1999 $b Jakarta =300 ##$$a XLV, 383 hlm, 18 cm =650 ##$$a Hadis - Kumpulan =700 ##$$a WAHYUDI, Moh =850 ##$$a NBPNMAT